000 03185nam a2200301Ia 4500
003 OSt
005 20211029164836.0
008 210310s2008 ck fr 000 0dspa d
020 _a9789586485418
040 _aCO-JMCR
_cCO-JMCR
041 0 _aspa
082 0 4 _a338.9 /
_bA283p
_223
100 1 _aAguilar Zuluaga, Ignacio,
_918158
_eautor
245 1 0 _aPrincipios de desarrollo económico /
_cIgnacio Aguilar Zuluaga
250 _aSegunda edición
260 _aBogotá :
_bEcoe : Universidad Sergio Arboleda,
_c2008
300 _axii, 231 páginas ;
_c24 cm.
490 0 _aTextos universitarios. Economía y Finanzas
500 _aIncluye glosario, notas a pie de página y datos biográficos del autor en solapa.
504 _aBibliografía: páginas 229-231
505 0 _aQué es el desarrollo económico -- Síntesis histórica de la teoría del desarrollo económico -- Economías desarrolladas e insuficientemente desarrolladas -- Desarrollo económico y pobreza -- Las etapas del desarrollo económico -- Condiciones e instrumentos para el desarrollo económico -- Obstáculos al desarrollo económico --Teorías y modelos del crecimiento y el desarrollo a largo plazo -- Las inversiones para el desarrollo, alternativas, estrategias y criterios de inversión -- Progreso técnico y desarrollo -- El desarrollo económico sectorial -- Políticas macroeconómicas para el desarrollo -- Comercio y desarrollo -- La globalización y el desarrollo -- Educación y desarrollo -- La cooperación internacional para el desarrollo -- El flujo del capital externo para el desarrollo -- La planeación económica en Colombia -- Planes de desarrollo económico y social -- Plan 2019
520 3 _aHoy en día el tema del desarrollo no se puede estudiar sin considerar la globalización que algunos han querido catalogar como una política o un sistema, cuando en realidad es el resultado de la necesidad mundial de comunicación, intercambio, culturización y nivelación. El autor expone una serie de opiniones personales producto de su estudio, experiencia y el ejercicio de la cátedra. Esta segunda edición ampliada y actualizada presenta conceptos tradicionales y modernos, los principales modelos de desarrollo, el modelo sectorial y los instrumentos del desarrollo como son la planeación, el comercio exterior, la inversión, la productividad y la competitividad, entre otros. Adicionalmente, incorpora datos estadísticos e informaciones acerca del comportamiento y la evolución de los grandes agregados o variables económicas, promoviendo los estudios y las investigaciones sobre los procesos y el comportamiento del crecimiento de las economías del mundo. El texto está dirigido a los estudiantes de las Escuelas de Negocios y Ciencias Empresariales y de Economía, a los aficionados a la lectura y estudio de los mismos temas y todas aquellas profesionales que requieran de estos conocimientos básicos para el desarrollo de sus carreras
650 1 4 _aDesarrollo económico
_918160
_xPaíses en desarrollo
650 2 4 _aPolítica económica
_941361
650 2 4 _aDesarrollo social
_941362
650 2 4 _aPlanificación económica
_93241
942 _2ddc
_cBK
999 _c8743
_d8743